Toutes les autoroutes de France - Statistiques

Statistiques générales
  • Ce quiz a été pris 386 fois
  • Le résultat moyen est 113 sur 270
Statistiques - réponses
Réponse % Correct
14 La Défense
97%
5 Lieusaint (Paris)
97%
16 L'Isle Adam
97%
1 | 3 | 4 | +4 others Paris
97%
11 Ponthévrard (Paris)
97%
507 | 557 A7 à Marseille
94%
1 | 22 | 23 | 25 Lille
93%
6 | 7 | 42 | +2 others Lyon
92%
450 Oullins Pierre-Bénite (Lyon)
92%
507 A50 à Marseille
91%
557 A55 à Marseille
91%
7 | 50 | 51 | 55 Marseille
91%
27 Villeneuve d'Ascq
91%
10 | 62 | 63 | +2 others Bordeaux
90%
4 Strasbourg
84%
11 | 83 | 844 Nantes
81%
623 A61 X A620
80%
61 | 62 | 64 | +4 others Toulouse
80%
620 A62 à Toulouse
79%
84 Rennes
74%
81 Saint Pierre la Cour (Rennes)
74%
13 | 84 Caen
73%
71 | 75 | 711 Clermont-Ferrand
73%
19 Orléans
70%
709 A9 à Montpellier
69%
71 Orléans
69%
38 | 39 Dijon
66%
139 Grand Couronne
66%
151 Roumare (Rouen)
66%
216 A26 X A16
65%
41 | 48 | 51 | 480 Grenoble
65%
750 Montpellier
65%
150 Rouen
65%
49 Voreppe (Grenoble)
65%
8 Italie à Menton
64%
28 Tours
63%
344 A34 à Reims
62%
131 Le Havre
61%
85 | 87 Angers
60%
87 La Roche sur Yon
60%
29 Quetteville (Le Havre)
60%
314 | 315 Metz
59%
47 Saint Chamond (Saint Étienne)
59%
26 | 216 Calais
58%
81 Le Mans
58%
72 Saint Étienne
58%
50 | 57 Toulon
58%
22 Belgique à Neuville en Ferrain
57%
33 Nancy
57%
34 Reims
57%
330 Vandœuvre lès Nancy
57%
64 Briscous (Bayonne)
56%
40 Passy (Italie)
56%
63 Espagne à Biriatou
55%
25 Quaëdypre (Dunkerque)
55%
9 Espagne au Perthus
54%
26 Troyes
54%
43 Tunnel du Fréjus (Italie)
53%
54 Nîmes
52%
65 Pau
51%
41 Suisse à Saint Julien en Genevois
51%
410 Allonzier la Caille (Annecy)
50%
27 Belgique à Camphin en Pévèle
49%
2 Belgique à Crespin
49%
16 Belgique à Ghyvelde
49%
304 Belgique à Rocroi
49%
20 Montauban
48%
61 Narbonne
48%
9 Orange
48%
75 Béziers
47%
35 Suisse à Saint Louis
46%
31 Luxembourg à Zoufftgen
45%
411 Suisse à Gaillard
44%
2 A1 à Combles
43%
35 Allemagne à Lauterburg
43%
36 Allemagne à Ottmarsheim
43%
77 Nevers
43%
49 Romans sur Isère
43%
8 A7 à Coudoux
42%
320 Allemagne à Stiring-Wendel
42%
20 | 85 Vierzon
42%
68 Albi
41%
211 Lens
41%
517 A7 à Septèmes les Vallons
40%
551 | 552 A7 aux Pennes Mirabeau
40%
83 Niort
40%
77 A6 à Nemours
39%
57 A8 au Luc
39%
42 Bourg en Bresse
39%
40 | 406 Mâcon
39%
23 Valenciennes
39%
39 Bourg en Bresse
38%
38 A6 à Pouilly en Auxois
37%
31 | 36 Beaune
37%
501 | 502 A50 à Aubagne
36%
106 A6 à Chevilly-Larue
36%
466 A6 aux Chères
36%
500 A8 à La Trinité
36%
501 A52 à Aubagne
35%
15 Cergy
35%
139 A13 à Oissel
34%
304 Charleville-Mézières
34%
131 A13 à Bourneville
33%
813 A13 à Cagny
33%
355 A35 à Vendenheim
33%
315 A4 à Mey
33%
314 A4 à Noisseville
33%
140 A4 à Quincy-Voisins
33%
344 A4 à Tinqueux
33%
29 Saint Quentin
33%
103 A3 à Noisy le Sec
31%
500 Èze (Monaco)
31%
88 Sées
31%
19 Sens
31%
5 Langres
30%
3 Roissy
30%
709 A9 à Saint Aunès
29%
115 A15 à Sannois
28%
719 Gannat
28%
404 Saint Martin du Frêne
28%
811 A11 à Carquefou
27%
430 A43 à Aiton
27%
28 Abbeville
27%
30 Amnéville
27%
750 Clermont l'Hérault
27%
714 A71 à Bizeneuille
26%
104 Roissy
26%
313 A31 à Atton
25%
311 A31 à Perrigny lès Dijon
25%
52 | 502 Aubagne
25%
714 Montluçon
25%
34 Sedan
24%
719 Vichy
24%
55 Martigues
22%
54 Salon de Provence
22%
466 A46 à Ambérieux d'Azergues
21%
432 A46 à Miribel
21%
620 A61 à Labège
21%
411 Annemasse
21%
66 Pamiers
21%
352 | 355 A35 à Duttlenheim
20%
391 A39 à Bersaillin
20%
515 A51 à Cabriès
20%
517 A51 à Septèmes les Vallons
20%
660 A63 à Mios
19%
641 A64 à Hastingues
19%
645 A64 à Ponlat-Taillebourg
19%
711 A89 aux Martres d'Artière
19%
46 | 47 Givors
19%
660 La Teste de Buch
19%
520 A52 à Roquevaire
18%
551 | 552 A55 aux Pennes Mirabeau
18%
680 A68 à Castelmaurou
18%
105 Melun
18%
12 Montigny le Bretonneux
17%
14 Orgeval
17%
430 Albertville
15%
140 Meaux
15%
837 Saintes
15%
46 Anse (Villefranche sur Saône)
14%
21 Bully les Mines
14%
15 Gennevilliers
14%
570 Hyères
14%
65 Langon
14%
106 Orly
14%
48 Bourgoin-Jallieu
13%
79 Digoin
13%
837 Rochefort
13%
79 Montmarault
12%
404 Oyonnax
12%
104 Torcy
12%
621 Blagnac
11%
30 Aumetz (Villerupt)
10%
88 Falaise
10%
132 Canapville (Deauville)
9%
82 | 844 Orvault
9%
12 Rocquencourt
9%
340 Wahlenheim (Haguenau)
9%
154 Acquigny
8%
72 Balbigny
8%
105 Brie Comte Robert
7%
154 Val de Reuil
7%
21 Denain
6%
126 Palaiseau
6%
82 Sautron
6%
432 Aéroport Lyon Saint Exupéry
5%
150 Yvetot
5%
712 A711 à Lempdes
4%
624 Colomiers
4%
170 Gonesse
4%
115 Méry sur Oise
4%
352 Molsheim
4%
391 Poligny
4%
132 Pont l'Évêque
4%
520 Auriol
3%
211 Avion
3%
450 Brignais
3%
480 Claix
3%
33 Dombasle sur Meurthe
3%
712 Pont du Château
3%
340 Brumath
2%
410 Contamine sur Avre
2%
330 Flavigny sur Moselle
2%
320 Freyming-Merlebach
2%
52 Fuveau
2%
170 Mitry-Mory
2%
811 Sainte Luce sur Loire
2%
151 Tôtes
2%
680 Verfeil
2%
515 Bouc-Bel-Air
1%
126 Chilly-Mazarin
1%
813 Frénouville
1%
570 La Garde
1%
311 Longvic
1%
641 Peyrehorade
1%
313 Pont à Mousson
1%
623 Ramonville Saint Agne
1%
406 Replonges
1%
103 Villemomble
1%
645 Gourdan-Polignan
0%
Aucun quiz correspondant
Distribution des résultats
% des personnes avec chaque résultat
Percentile par nombre de réponses
Votre historique - résultats
Vous n’avez pas pris ce quiz